000 00492nam a2200193 a 4500
001 1777708524075
003 YourLibrary
005 20260502132953.0
008 260502s1997##################000#0#eng##
020 _a9789041107299
082 0 4 _a343.04
_bHEA
100 1 _aKrever, Richard,
_eauthor.
245 1 0 _aTax Conversations :
260 _bSpringer,
_c1997.
300 _a592 pages
650 0 _aBusiness & Economics.
942 _cENGLISH
040 _aYourLibrary
_beng
_cYourLibrary
999 _c622029
_d622029